[Event "TCh-CHN 2012"]
[Site "Beijing CHN"]
[Date "2012.06.29"]
[Round "7"]
[White "Wang, Xiaohui"]
[Black "Li, Xueyi"]
[Result "1/2-1/2"]
[WhiteTitle "WIM"]
[WhiteElo "2209"]
[BlackElo "2076"]
[WhiteTeam "Zhejiang"]
[BlackTeam "Guangdong"]
[WhiteFideId "8603073"]
[BlackFideId "8605912"]
[EventDate "2012.04.28"]

1. d4 Nf6 2. c4 e6 3. Nf3 b6 4. Nc3 Bb7 5. Bg5 Be7 6. e3 O-O 7. Rc1 d5 8. Be2
Ne4 9. Bxe7 Qxe7 10. cxd5 exd5 11. O-O Nd7 12. Qb3 Ndf6 13. h3 Rfe8 14. a4 Nxc3
15. Qxc3 c5 16. Bb5 Ne4 17. Qa3 Red8 18. a5 Qf6 19. Bd3 Rac8 20. dxc5 Nxc5 21.
a6 Nxd3 22. Qxd3 Rxc1 23. Rxc1 Qxb2 24. Rc7 Qa1+ 25. Kh2 Bxa6 26. Qf5 Qf6 27.
Qxf6 gxf6 28. Rxa7 Bd3 29. Rb7 Rd6 30. Nd4 f5 31. Kg1 h6 32. f3 Kf8 33. Kf2 Ke8
34. Kg3 Rg6+ 35. Kf4 Rxg2 36. Rxb6 Rg6 37. Nc6 Bc4 38. Rb8+ Kd7 39. Ne5+ Kc7 40.
Nxg6 Kxb8 41. Ne7 Kc7 42. Nxf5 h5 43. h4 Kc6 44. Ke5 Kc5 45. f4 Be2 46. Nh6 Kc4
47. Nxf7 Kd3 48. Nd6 Kxe3 49. f5 Bd3 50. f6 Bg6 51. Kxd5 Kf4 52. Ke6 Kg4 53. Nf7
Bb1 54. Ke7 Kxh4 55. Ng5 Bg6 56. Ne6 Kg3 57. Nf8 h4 58. Nxg6 h3 59. f7 h2 60.
f8=Q h1=Q 61. Qf4+ Kg2 62. Nh4+ Kh3 63. Nf5 Qe1+ 64. Kf6 Qc3+ 65. Kg5 Qd2 66.
Ne3 Qd8+ 67. Kh5 Qh8+ 68. Kg6 Qg8+ 1/2-1/2

[Event "TCh-CHN 2012"]
[Site "Beijing CHN"]
[Date "2012.06.29"]
[Round "7"]
[White "Yu, Shaoteng"]
[Black "Yu, Lie"]
[Result "1-0"]
[WhiteTitle "GM"]
[BlackTitle "IM"]
[WhiteElo "2507"]
[BlackElo "2417"]
[WhiteTeam "Guangdong"]
[BlackTeam "Zhejiang"]
[WhiteFideId "8600660"]
[BlackFideId "8603715"]
[EventDate "2012.04.28"]

1. e4 e5 2. Nf3 Nc6 3. Bb5 Nf6 4. O-O Bc5 5. Nxe5 Nxe4 6. Qe2 Nxe5 7. Qxe4 Qe7
8. d4 Nc6 9. Qxe7+ Bxe7 10. c3 a6 11. Ba4 d5 12. Bf4 Kd8 13. Nd2 Be6 14. Rfe1 h6
15. Nf1 b5 16. Bc2 Kd7 17. Ng3 Bg5 18. Ne2 Bxf4 19. Nxf4 Kd6 20. Re3 Rhe8 21.
Kf1 g6 22. Rf3 Re7 23. h3 Rae8 24. g4 Rb8 25. Nxe6 Kxe6 26. Bb3 Kd6 27. Rf6+ Re6
28. Rf3 Re7 29. Bc2 Ke6 30. Bb3 Kd6 31. Rf6+ Re6 32. Rxf7 Rbe8 33. Bc2 Na5 34.
Rg7 g5 35. Bf5 Rf6 36. a4 b4 37. cxb4 Nc4 38. Rc1 Re7 39. Rxe7 Kxe7 40. b3 Nd2+
41. Kg2 Kd8 42. Rc5 Rd6 43. Bc2 Ne4 44. Ra5 Nc3 45. Bd3 Na2 46. b5 axb5 47. Ra8+
Kd7 48. Bxb5+ c6 49. Ra7+ Kd8 50. Bf1 Kc8 51. a5 Nc1 52. a6 Kb8 53. Re7 Ka8 54.
Re3 Rf6 55. b4 Na2 56. Rb3 Rf4 57. Rb2 Nc3 58. Rc2 Nd1 59. Rxc6 Rxf2+ 60. Kg1
Rb2 61. b5 Ne3 62. b6 1-0